| 000 -LEADER |
| fixed length control field |
00474cam a22001337a 4500 |
| 008 - FIXED-LENGTH DATA ELEMENTS--GENERAL INFORMATION |
| fixed length control field |
180718b2006 xxu||||| |||| 00| 0 eng d |
| 082 ## - DEWEY DECIMAL CLASSIFICATION NUMBER |
| Classification number |
O065x54 SR57/1999-2003 |
| 245 ## - TITLE STATEMENT |
| Title |
SRS based abridged life tables, 1999-2003 |
| Statement of responsibility, etc. |
by Office of the Registrar General, India |
| 260 ## - PUBLICATION, DISTRIBUTION, ETC. |
| Place of publication, distribution, etc. |
Delhi |
| Name of publisher, distributor, etc. |
The Controller of Publications |
| Date of publication, distribution, etc. |
2006 |
| 300 ## - PHYSICAL DESCRIPTION |
| Extent |
39+p. |
| 440 ## - SERIES STATEMENT/ADDED ENTRY--TITLE |
| Title |
SRS Analytical Studies. Report No.1 of 2006 |
| 650 ## - SUBJECT ADDED ENTRY--TOPICAL TERM |
| Topical term or geographic name entry element |
Mortality - Tables - India |
| 700 ## - ADDED ENTRY--PERSONAL NAME |
| Personal name |
Office of the Registrar |